000 00370nam a2200145Ia 4500
008 230312s9999||||xx |||||||||||||| ||und||
020 _a9780073101422
082 _a658.575
_bULR-P
100 _aSingh,Shiv
245 0 _aSocial media marketing for dummies
260 _bMcgraw Hill
_aDonnelly
_c2008
300 _a368
650 _aComputer
_vProduktdesign
942 _cBK
999 _c18158
_d18158